000 00475nam a2200205Ia 4500
003 OSt
005 20221007082650.0
006 a|||||r|||| 00| 0
007 ta
008 221006b |||||||| |||| 00| 0 eng d
024 _a23,584
037 _cTextual
040 _aFLL
_cFLL
_beng
041 _2eng
_aeng
100 _aBatra T.S.
245 0 _aVeto power of the security council.
260 _c1978
942 _cTEXL
_2CC
999 _c1167278
_d1167278